000 00763nam a2200205 i 4500
001 170518
003 ES-MaACL
005 20250824031328.0
007 t|
008 090311s1926 fr ||||1| fre d
080 _a792(44)"17"
100 1 _aCourteault, Paul.
_941281
245 1 3 _aLa Révolution et les théâtres à Bordeaux
_b: d'après des documents inédits : avec huit illustrations hors texte /
_cpar Paul Courteault.
260 _aParis :
_bPerrin et Cie,
_c1926.
300 _a287 p., [8] h. de lám., grab. ;
_c21 cm.
650 0 4 _aTeatro-
_zFrancia-
_yS.XVIII
_917309
651 4 _aFrancia-
_xHistoria-
_y1789-1799, Revolución
_9241176
852 4 _aES-MaACL
_jE-12512
_9R.140102
_z. - Biblioteca Jacinto Martínez Lacalle
999 _c170518
_d170518